=LDR 00000nam 2200000 4500 =001 INLIS000000000047862 =005 20160223085442.0 =006 =007 =008 =020 ##$$a 979-543-086-6 =035 ##$$0010-021600000000251 =040 ##$$a NPBDMAT =082 ##$$a 510.7 =090 ##$$a 510.7 $b Suw o =100 ##$$a Suwah Sembiring =245 ##$$a Olimpiade Matematika Untuk SMU/ Suwah Sembiring.-- cet.1--- =260 ##$$a Bandung : $b Yiama Widya, $c 2002 =300 ##$$a 191 hlm : $b ilus $c 30 cm =500 ##$$a Bibliografi : hlm. 191 =650 ##$$a Matematika - Studi dan Pengajaran